[Event "V Copa Marcel Duchamp 2022"]
[Site "Montevideo"]
[Date "2022.02.14"]
[Round "3.15"]
[White "Labollita, Martin"]
[Black "Manteiga, Franco"]
[Result "1-0"]
[WhiteElo "2388"]
[BlackElo "1915"]
[Annotator "TA"]
[PlyCount "45"]
[EventDate "2022.02.12"]
[EventCountry "URU"]
[SourceTitle "playchess.com"]
[Source "ChessBase"]
[SourceQuality "1"]

{[%evp 9,45,12,13,14,18,19,33,26,35,33,29,27,72,51,68,53,93,76,81,67,176,172,180,147,158,151,148,93,158,48,145,139,172,149,147,137,142,143]} 1. c4 Nf6 2. g3 e6 3. Bg2 d5 4. d4 Bb4+ 5. Nd2 O-O 6. a3 {E01: Catalan: Early deviations.} Bd6 7. Ngf3 Re8 8. O-O {White is slightly better.} Nbd7 9. Qc2 c6 {[#]} 10. Rd1 $146 ({Predecessor:} 10. e4 dxe4 11. Nxe4 Nxe4 12. Qxe4 Nf6 13. Qc2 h6 14. Re1 Bd7 15. b4 a5 16. Bd2 axb4 17. axb4 {0-1 (34) Sanchez,D-McLaughlin,E (1681) ICCF email 2015}) 10... Qc7 (10... e5 $11 {feels stronger.}) 11. b4 (11. e4 $5 {[%cal Re4e5]}) 11... a6 12. Bb2 Nf8 13. Ne5 Ng6 {[%cal Rg6e5]} 14. f4 dxc4 (14... a5 $14) 15. Ndxc4 $18 Be7 16. Qb3 Nd5 17. Rac1 Nb6 18. Nd2 {White is much more active.} ({Better is} 18. Nxb6 Qxb6 19. Nc4) 18... Bd7 (18... Nxe5 $142 19. dxe5 Rd8) 19. h4 (19. Nec4 $16) 19... Rad8 (19... Nxe5 $14 20. fxe5 (20. dxe5 c5 $14) 20... a5) 20. Nd3 {White is clearly better.} Bc8 21. h5 Nf8 22. a4 Nd5 23. Nc4 {To avoid Ne3.  Weighted Error Value: White=0.19 (very precise) /Black=0.23 (precise)} 1-0

[Event "V Copa Marcel Duchamp 2022"]
[Site "Montevideo"]
[Date "2022.02.14"]
[Round "3.16"]
[White "Palacio, Enzo"]
[Black "Menna Barreto, Felipe Kubiaki"]
[Result "0-1"]
[WhiteElo "1896"]
[BlackElo "2351"]
[Annotator "TA"]
[PlyCount "88"]
[EventDate "2022.02.12"]
[EventCountry "URU"]
[SourceTitle "playchess.com"]
[Source "ChessBase"]
[SourceQuality "1"]

{[%evp 11,88,27,34,1,13,0,-7,-7,-6,3,0,-5,0,0,0,0,0,0,0,0,14,-28,-14,-30,-35,-43,-29,-68,-67,-102,-95,-101,-95,-95,-92,-84,-87,-121,-100,-135,-122,-146,-152,-258,-252,-253,-251,-252,-244,-315,-306,-440,-432,-395,-406,-400,-393,-403,-387,-441,-446,-545,-545,-531,-498,-577,-566,-610,-596,-817,-814,-890,-872,-799,-774,-995,-971,-893,-618]} 1. e4 c6 2. d4 d5 3. Nc3 dxe4 4. Nxe4 Nf6 5. Nxf6+ exf6 6. c3 Bd6 7. Nf3 {[%cal Bg1f3,Bf3e1,Be1d3][%mdl 32] B15: Caro-Kann: 3 Nc3: 3...g6 and 3...dxe4 4 Nxe4 Nf6 5 Nxf6+ exf6.} O-O 8. Be2 Re8 9. O-O {The position is equal.} Nd7 {[%cal Bb8d7,Bd7f8,Bf8g6][%mdl 32]} 10. Re1 Nf8 {[#]} 11. Bf1 $146 ({Predecessor:} 11. h3 Be6 12. Be3 Ng6 13. Qc2 Qd7 14. Bf1 Rad8 15. Rad1 Bb8 16. c4 Qc7 17. Bd3 {0-1 (23) Apicella,M (2506)-Bluebaum,M (2669) Chalons en Champagne 2021}) 11... Rxe1 12. Nxe1 Qc7 13. g3 Be6 14. Nd3 Ng6 15. Be3 f5 16. Qf3 {To avoid f4} (16. Qd2 {feels stronger.}) 16... Bd5 $11 17. Qh5 ({Much weaker is} 17. Qxf5 {[#]} Nh4 $1 18. Qh5 Nf3+ 19. Kh1 g6 $17) 17... f4 (17... Re8 {feels hotter.} 18. Re1 f4 19. Nxf4 Nxf4 20. gxf4 Bxa2 21. c4 Bb3) 18. Nxf4 Nxf4 19. Bxf4 Bxf4 20. gxf4 Qxf4 21. Re1 {Prevents Qe4.} g6 22. Qh3 Bxa2 23. Qe3 Qg4+ 24. Bg2 Bd5 $40 {[%csl Gd5][%cal Rg4g2][%mdl 128] [#] Black attacks with force.} 25. f3 Qe6 {Black is more active.} 26. Qc1 Qf6 27. Kh1 (27. f4 $17) 27... Bxf3 $19 28. Qe3 Bxg2+ 29. Kxg2 {[%mdl 4096] Endgame KQR-KQR} Rd8 30. Kh1 Kg7 31. b4 (31. Qe7 {keeps fighting.}) 31... Rd5 32. Rd1 Rf5 {Hoping for ...Rf1+.} 33. Qe2 Rf2 34. Qe5 Rc2 35. Rd3 b6 {[%cal Oa7a5] Black is clearly winning.} 36. h4 Qxe5 37. dxe5 {KR-KR} Re2 38. Rd6 Rxe5 39. Rxc6 Rh5 40. Rc7 a5 41. bxa5 Rxh4+ 42. Kg2 bxa5 {[%cal Bb6a5,Ba5a4][%mdl 32]} 43. c4 a4 44. c5 Rc4 {Weighted Error Value: White=0.38/Black=0.02 (flawless)} 0-1

[Event "V Copa Marcel Duchamp 2022"]
[Site "Montevideo"]
[Date "2022.02.13"]
[Round "3.17"]
[White "Lujan, Carolina"]
[Black "Lavandeira, Juan Facundo"]
[Result "1-0"]
[WhiteElo "2334"]
[BlackElo "1520"]
[Annotator "TA"]
[PlyCount "67"]
[EventDate "2022.02.12"]
[EventCountry "URU"]
[SourceTitle "playchess.com"]
[Source "ChessBase"]
[SourceQuality "1"]

{[%evp 14,67,5,-15,29,37,29,24,36,28,38,22,27,33,52,40,34,56,132,96,85,78,116,113,103,98,102,113,95,99,336,343,397,393,387,387,468,461,584,569,647,643,625,615,1034,990,1071,985,941,773,923,906,844,832,999,900]} 1. e4 c5 2. Nf3 d6 3. c3 Nf6 4. Be2 g6 5. O-O Bg7 6. Re1 O-O 7. Bf1 Nc6 8. h3 a6 {B50: Sicilian: 2...d6, Miscellaneous.} (8... e5 $142) 9. d4 $11 cxd4 10. cxd4 d5 {White has an edge.} 11. e5 Ne4 12. Nc3 Nxc3 (12... Bf5 {is interesting.} 13. Bf4 h6 14. g4 Be6 15. Bd3 Qd7) 13. bxc3 Qc7 {[#]} 14. Bf4 $146 ({Predecessor:} 14. c4 dxc4 15. Bxc4 Na5 16. Bf1 Be6 17. Ba3 Qd7 18. Bb4 {½-½ (40) Wolf,G-Leban,S Ebersberg 1974}) 14... Na5 15. Qc1 {[%cal Oe5e6]} e6 ({Better is} 15... Qc6 $14) 16. Bh6 Bd7 17. Nh2 {And now Ng4 would win.} Bxh6 18. Qxh6 {Strongly threatening Ng4.} f5 {[#] Inhibits Ng4.} (18... Qxc3 {leads to mate.} 19. Ng4 f5 20. Nf6+ Rxf6 21. exf6 Kf7 22. Qg7+ Ke8 23. Qg8#) 19. exf6 $1 Rxf6 20. Ng4 Rf7 21. Qg5 {Nh6+ is the strong threat.} Qf4 $2 {A mistake that costs the game.} (21... Kg7 $16) 22. Nh6+ $18 Kg7 23. Nxf7 {The board is on fire.} Qxf7 24. Qe5+ Kg8 25. Qc7 {White is clearly winning.} Nc4 26. Bxc4 Rc8 {[#]} 27. Qxb7 Rxc4 28. Qxa6 Rxc3 29. Rac1 Rxc1 30. Rxc1 Qf4 31. Rd1 Qc7 32. Qa8+ Kg7 33. Rb1 Qc2 34. Qb8 {Weighted Error Value: White=0.06 (flawless) /Black=0.56} ({Inferior is} 34. Rb7 Qc1+ 35. Kh2 Qf4+ 36. g3 Qxf2+ 37. Kh1 Qe1+ 38. Kh2 Qf2+ 39. Kh1 Qe1+ 40. Kh2 Qf2+ $11) 1-0

[Event "V Copa Marcel Duchamp 2022"]
[Site "Montevideo"]
[Date "2022.02.14"]
[Round "3.18"]
[White "Urrestarazu, Diego"]
[Black "Curi, Gabriel"]
[Result "0-1"]
[WhiteElo "1833"]
[BlackElo "2205"]
[Annotator "TA"]
[PlyCount "58"]
[EventDate "2022.02.12"]
[EventCountry "URU"]
[SourceTitle "playchess.com"]
[Source "ChessBase"]
[SourceQuality "1"]

{[%evp 15,58,14,18,8,7,5,21,10,14,-1,0,-6,0,0,0,0,0,0,0,-14,-11,-10,-11,-15,0,-1,0,0,0,0,0,0,0,-8,-4,-5,-5,-85,-76,-69,-69,-70,0,-29997,-201]} 1. c4 e6 2. Nc3 d5 3. cxd5 exd5 4. d4 c5 5. Nf3 Nc6 6. Bf4 a6 7. e3 Nf6 8. dxc5 Bxc5 9. Bd3 {D32: Tarrasch Defence: Sidelines and lines without g3.} O-O 10. O-O Be6 {[#]} 11. a3 $146 {The position is equal.} ({Predecessor:} 11. Rc1 Bd6 12. Bxd6 Qxd6 13. h3 Rfd8 14. Ne2 Rac8 15. Ned4 h6 16. a3 Ne5 17. Nxe5 Qxe5 {1-0 (40) Nunez,J (2196)-Ortez,A (1969) Chess.com INT 2021}) 11... Ba7 12. Bg5 h6 13. Bh4 g5 14. Bg3 Nh5 15. Bc2 Nxg3 16. hxg3 d4 $1 ({Much less strong is} 16... f5 17. Bb3 $14) 17. exd4 Nxd4 18. Nxd4 Qxd4 19. Qh5 Qg7 20. Be4 Rad8 21. Rad1 {Prevents Rd2.} Bb3 {A strong pair of Bishops.} 22. Rxd8 Rxd8 23. Bxb7 Rd2 {Inhibits Qe2. Hoping for ...Bc4.} 24. Bxa6 Rxb2 25. Qf3 {Black must now prevent Qa8+.} Qe5 26. Qd3 {[#]} (26. Qa8+ $11 {keeps the balance.} Bb8 27. Qe4) 26... Rxf2 $1 $17 {[%mdl 64] Deflection, Decoy. Black is more active.} 27. Rxf2 {Threatens to win with Ne4.} Qe1+ {[%mdl 64] Pin, Double Attack} 28. Kh2 Bxf2 ({Black should try} 28... Qxf2 $15 29. Ne2 Qe3 30. Qxe3 Bxe3) 29. Ne4 $2 {[%mdl 8192]} (29. Ne2 $11 Qa5 30. Qxb3 Qxa6 31. Qb8+ Kg7 32. Qe5+ Qf6 33. Qe4) 29... Qg1+ {Weighted Error Value: White=0.47/Black=0.06 (flawless)} 0-1

[Event "V Copa Marcel Duchamp 2022"]
[Site "Montevideo"]
[Date "2022.02.14"]
[Round "3.19"]
[White "Martinez Alvarez, Mateo"]
[Black "Hoffman, Alejandro"]
[Result "0-1"]
[WhiteElo "1093"]
[BlackElo "2403"]
[Annotator "TA"]
[PlyCount "60"]
[EventDate "2022.02.12"]
[EventCountry "URU"]
[SourceTitle "playchess.com"]
[Source "ChessBase"]
[SourceQuality "1"]

{[%evp 16,60,0,1,22,11,25,0,0,7,0,0,6,-16,-20,-13,0,0,0,0,0,-30,-36,-37,-33,-84,-81,-95,-92,-89,-89,-97,-94,-84,-87,-89,-89,-159,-145,-200,-207,-211,-190,-212,-187,-230,371]} 1. e4 c5 2. Nf3 g6 3. Nc3 Bg7 4. Be2 Nc6 5. d3 d6 6. O-O Nf6 7. d4 cxd4 8. Nxd4 O-O 9. Be3 Bd7 {B72: Sicilian Dragon: 6 Be3, lines with h3+Bc4 and sidelines.} 10. Qd2 a6 11. f4 Rc8 {The position is equal.} 12. Rad1 b5 13. a3 Qc7 14. Nxc6 Bxc6 15. Bf3 {[#]} Nd7 $146 ({Predecessor:} 15... a5 16. Bd4 b4 17. axb4 axb4 18. Nd5 Bxd5 19. exd5 Qxc2 20. Qxb4 Qf5 21. Qd2 Rc4 {½-½ (40) Bittel,R-Migliorini,R Liape email 2003}) 16. e5 $1 {[%cal Re5d6]} Bxf3 17. Rxf3 Nb6 {[#] And now ...Nc4 would win.} 18. Qf2 Nc4 19. exd6 Nxd6 20. Nd5 {[#]} (20. Bd4 $15) 20... Qb7 $1 $17 {Hoping for ...Rfd8.} 21. c3 Rfd8 {...Ne4 is the strong threat.} 22. Nb4 Nc4 23. Bd4 a5 24. Nd3 Bxd4 25. cxd4 Qe4 $36 {[%mdl 2048] Black is on the roll.} 26. Nc1 ({Better is} 26. Ne1) 26... Qb1 {Black is more active. Black is clearly better.} 27. Re1 (27. Rb3 $17 {was called for.}) 27... Qxb2 $19 28. Qxb2 Nxb2 29. Rb3 Nc4 30. Ne2 (30. Rxb5 $142 Rxd4 31. Nb3 Rxf4 32. g3) 30... Ne5 $4 {[%mdl 40960] Weighted Error Value: White=0.17 (very precise) /Black=0.03 (flawless) . Loss on time!?} 0-1

[Event "V Copa Marcel Duchamp 2022"]
[Site "Montevideo"]
[Date "2022.02.14"]
[Round "3.20"]
[White "Granara Barreto, Sebastian"]
[Black "Martinez Garay, Carlos"]
[Result "1-0"]
[WhiteElo "2131"]
[BlackElo "1773"]
[Annotator "TA"]
[PlyCount "38"]
[EventDate "2022.02.12"]
[EventCountry "URU"]
[SourceTitle "playchess.com"]
[Source "ChessBase"]
[SourceQuality "1"]

{[%evp 13,38,37,46,58,64,0,0,-4,89,77,87,47,87,60,80,35,21,0,-18,-25,-23,-47,12,0,0,0,0]} 1. e4 e6 2. d4 d5 3. Nc3 Nf6 4. Bg5 Be7 5. e5 Nfd7 6. h4 a6 7. Qg4 g6 8. Nf3 {C14: French: Classical System: 4 Bg5 Be7 main line.} h6 {[#]} 9. Bf4 $146 (9. Bxe7 $14 Qxe7 10. O-O-O) ({Predecessor:} 9. Bxe7 Qxe7 10. Qf4 c5 11. dxc5 Nxc5 12. O-O-O Nc6 13. Bd3 Bd7 14. g4 b5 15. Kb1 b4 {½-½ (23) Osorio Ortiz,M (2284)-Schild,C (2316) Baden 2013}) 9... c5 $1 $11 10. Bd3 {[%cal Od3g6] aiming for Bxg6!} Nf8 (10... Nc6 $11 {remains equal.}) 11. dxc5 $16 {White is much more active.} Bxc5 12. O-O-O Bd7 13. Nd2 Nc6 {[#]} 14. Nb3 (14. Qg3 $1 $16) 14... Bxf2 $14 15. Rdf1 Ba7 16. Qf3 {[%cal Of4g5] Threatens to win with Bg5!} Qe7 {Inhibits Bg5.} 17. Qe2 Nb4 (17... O-O-O $1 $15) 18. Rh3 Nxd3+ 19. Qxd3 O-O-O {[%mdl 32768] Weighted Error Value: White=0.24 (precise) /Black=0.24 (precise) . Sensor Board Error (Ke4/e5)?} 1-0

[Event "V Copa Marcel Duchamp 2022"]
[Site "Montevideo"]
[Date "2022.02.13"]
[Round "3.21"]
[White "Masoller, Martin"]
[Black "Guerrero, Alvaro"]
[Result "0-1"]
[WhiteElo "1743"]
[BlackElo "2123"]
[Annotator "NA"]
[PlyCount "60"]
[EventDate "2022.02.12"]
[EventCountry "URU"]
[SourceTitle "playchess.com"]
[Source "ChessBase"]
[SourceQuality "1"]
[TimeControl "5400+30"]

1. e4 c6 {[%emt 0:00:34]} 2. d4 {[%emt 0:00:12]} d5 {[%emt 0:00:04]} 3. Nc3 {[%emt 0:00:41]} dxe4 {[%emt 0:00:05]} 4. Nxe4 {[%emt 0:00:10]} Bf5 {[%emt 0:00:06]} 5. Ng3 {[%emt 0:00:12]} Bg6 {[%emt 0:00:04]} 6. h4 {[%emt 0:00:16]} h6 {[%emt 0:00:06]} 7. Nf3 {[%emt 0:00:17]} Nd7 {[%emt 0:00:40]} 8. h5 {[%emt 0:01:24]} Bh7 {[%emt 0:00:04]} 9. Bd3 {[%emt 0:00:23]} Bxd3 {[%emt 0:00:04]} 10. Qxd3 {[%emt 0:00:07]} Ngf6 {[%emt 0:00:55]} 11. Bd2 {[%emt 0:00:56]} e6 {[%emt 0:00:11]} 12. O-O-O {[%emt 0:01:11]} Qc7 {[%emt 0:00:32]} 13. Kb1 {[%emt 0:02:37]} Bd6 {[%emt 0:01:28]} 14. Ne2 {[%emt 0:01:55]} O-O-O {[%emt 0:01:28]} 15. g3 {[%emt 0:11:01]} Ng4 {[%emt 0:05:59]} 16. Rdf1 {[%emt 0:02:13]} Kb8 {[%emt 0:06:16]} 17. Bf4 {[%emt 0:07:44]} c5 $15 {[%emt 0:05:08]} 18. Bxd6 {[%emt 0:05:23]} Qxd6 {[%emt 0:00:04]} 19. Qa3 {[%emt 0:00:24]} Qc7 {[%emt 0:05:22]} 20. Rh4 {[%emt 0:03:39]} f5 {[%emt 0:03:48]} 21. Nd2 {[%emt 0:10:46]} cxd4 {[%emt 0:09:31]} 22. Nxd4 {[%emt 0:00:52]} Nc5 {[%emt 0:00:24]} 23. N2b3 {[%emt 0:02:19]} Nxb3 {[%emt 0:03:10]} 24. Nxb3 {[%emt 0:02:22]} Rd5 {[%emt 0:04:08]} 25. Rhh1 {[%emt 0:02:22]} Rhd8 {[%emt 0:01:42]} 26. f4 {[%emt 0:01:03]} a5 {[%emt 0:07:54]} 27. Qa4 {[%emt 0:01:31]} Ne3 {[%emt 0:00:54]} 28. Rc1 {[%emt 0:00:35]} Nc4 {[%emt 0:00:32]} 29. Rhe1 {[%emt 0:01:52]} Nb6 30. Qa3 a4 0-1

[Event "V Copa Marcel Duchamp 2022"]
[Site "Montevideo"]
[Date "2022.02.13"]
[Round "3.22"]
[White "Castro, Cesar"]
[Black "Zaruski, Julio"]
[Result "1-0"]
[WhiteElo "2097"]
[BlackElo "1764"]
[Annotator "ChessBase"]
[PlyCount "107"]
[EventDate "2022.02.12"]
[EventCountry "URU"]
[SourceTitle "playchess.com"]
[Source "ChessBase"]
[SourceQuality "1"]
[TimeControl "5400+30"]

1. e4 c5 2. Nf3 d6 3. Nc3 Nf6 4. d4 cxd4 5. Nxd4 a6 6. g3 e5 7. Nb3 Be7 8. Bg2 Be6 9. O-O O-O 10. h3 Qc7 11. Be3 Nbd7 12. a4 Bc4 13. Re1 b5 14. axb5 axb5 15. Nd2 b4 16. Nxc4 Qxc4 17. Nd5 Nxd5 18. exd5 f5 19. Bf1 Qc7 20. Qd2 Qb7 21. b3 Bf6 22. Bg5 g6 23. Ra4 Bxg5 24. Qxg5 Nc5 25. Rxa8 Qxa8 26. Qe7 Qd8 27. Rxe5 Ne4 28. Qxd8 Rxd8 29. Re7 Rc8 30. Bd3 Nc5 31. Bc4 Rb8 32. Kg2 Rb7 33. Rxb7 Nxb7 34. Kf3 Nc5 35. Ke3 Kf7 36. Bd3 Kf6 37. Kd4 Nd7 38. Kc4 Nb6+ 39. Kxb4 Nxd5+ 40. Kc4 Ke5 41. f4+ Ke6 42. b4 Nf6 43. Be2 h5 44. b5 Ne4 45. b6 Kd7 46. Kb5 Kc8 47. Kc6 d5 48. Ba6+ Kb8 49. Kxd5 Nxg3 50. c4 h4 51. c5 Nh5 52. Ke5 Ng7 53. c6 Ne8 54. Ke6 1-0

[Event "V Copa Marcel Duchamp 2022"]
[Site "Montevideo"]
[Date "2022.02.13"]
[Round "3.23"]
[White "Larrea, Daniela"]
[Black "Brizzi, Milagros Tatiana"]
[Result "0-1"]
[WhiteElo "1705"]
[BlackElo "2063"]
[Annotator "ChessBase"]
[PlyCount "52"]
[EventDate "2022.02.12"]
[EventCountry "URU"]
[SourceTitle "playchess.com"]
[Source "ChessBase"]
[SourceQuality "1"]
[TimeControl "5400+30"]

1. d4 {[%emt 0:06:56]} d5 {[%emt 0:00:21]} 2. c4 {[%emt 0:00:07]} c6 {[%emt 0:00:07]} 3. Nf3 {[%emt 0:00:12]} Nf6 {[%emt 0:00:13]} 4. e3 {[%emt 0:01:00]} Bf5 {[%emt 0:00:33]} 5. Nc3 {[%emt 0:00:30]} e6 {[%emt 0:00:33]} 6. Bd3 {[%emt 0:01:43]} Bxd3 {[%emt 0:01:39]} 7. Qxd3 {[%emt 0:00:10]} Nbd7 {[%emt 0:01:47]} 8. O-O {[%emt 0:00:58]} Bb4 {[%emt 0:03:55]} 9. Bd2 {[%emt 0:04:55]} a5 {[%emt 0:03:32]} 10. Rac1 {[%emt 0:05:15]} O-O {[%emt 0:02:05]} 11. Rfd1 {[%emt 0:03:32]} Re8 {[%emt 0:02:48]} 12. Ne2 {[%emt 0:10:44]} Bd6 {[%emt 0:09:02]} 13. Ng3 {[%emt 0:05:50]} Bxg3 {[%emt 0:04:19]} 14. hxg3 {[%emt 0:00:29]} Ne4 {[%emt 0:00:53]} 15. Be1 {[%emt 0:03:50]} f5 {[%emt 0:02:53]} 16. Nd2 {[%emt 0:14:57]} Qg5 {[%emt 0:04:26]} 17. Nf1 {[%emt 0:04:32]} Rf8 {[%emt 0:09:02]} 18. f3 {[%emt 0:03:34]} Nd6 {[%emt 0:02:44]} 19. c5 {[%emt 0:01:22]} Nf7 {[%emt 0:01:28]} 20. e4 {[%emt 0:07:41]} fxe4 {[%emt 0:02:00]} 21. fxe4 {[%emt 0:00:14]} Nf6 {[%emt 0:01:09]} 22. e5 {[%emt 0:03:11]} Ng4 {[%emt 0:01:20]} 23. Nh2 {[%emt 0:03:30]} Nxh2 {[%emt 0:02:41]} 24. Kxh2 {[%emt 0:00:07]} Nh6 {[%emt 0:00:12]} 25. g4 {[%emt 0:02:27]} Nxg4+ {[%emt 0:00:39]} 26. Kg1 {[%emt 0:00:04]} Ne3 {[%emt 0:01:26]} 0-1

[Event "V Copa Marcel Duchamp 2022"]
[Site "Montevideo"]
[Date "2022.02.13"]
[Round "3.24"]
[White "Pichuaga, Juan Pablo"]
[Black "Parma, Pamela"]
[Result "1-0"]
[WhiteElo "2030"]
[BlackElo "1761"]
[Annotator "NA"]
[PlyCount "83"]
[EventDate "2022.02.12"]
[EventCountry "URU"]
[SourceTitle "playchess.com"]
[Source "ChessBase"]
[SourceQuality "1"]
[TimeControl "5400+30"]

1. e4 {[%emt 0:00:39]} e5 {[%emt 0:14:23]} 2. Nf3 {[%emt 0:01:15]} d5 {[%emt 0:00:12]} 3. d3 {[%emt 0:05:59]} dxe4 {[%emt 0:00:57]} 4. dxe4 {[%emt 0:00:27]} Qxd1+ {[%emt 0:00:42]} 5. Kxd1 {[%emt 0:00:07]} Nc6 {[%emt 0:00:35]} 6. Bd3 {[%emt 0:08:03]} Bg4 {[%emt 0:05:25]} (6... Nf6 {is more appropriate.}) 7. c3 {[%emt 0:01:59]} O-O-O {[%emt 0:07:19]} 8. Kc2 {[%emt 0:00:58]} Bc5 {[%emt 0:00:24]} 9. Ng5 $11 {[%emt 0:05:31]} Bh5 {[%emt 0:08:11]} 10. f3 {[%emt 0:08:26]} h6 {[%emt 0:09:42]} 11. Nh3 {[%emt 0:01:08]} Nge7 {[%emt 0:01:00]} 12. Re1 {[%emt 0:04:56]} f5 {[%emt 0:12:48]} 13. Be3 {[%emt 0:12:55]} fxe4 {[%emt 0:03:55]} 14. Bxe4 {[%emt 0:02:56]} Bxe3 {[%emt 0:01:24]} 15. Rxe3 {[%emt 0:00:35]} Nd5 {[%emt 0:13:55]} 16. Re1 {[%emt 0:08:03]} Rhf8 {[%emt 0:09:12]} 17. Na3 {[%emt 0:08:31]} Nf4 {[%emt 0:04:35]} 18. Nxf4 {[%emt 0:01:01]} exf4 {[%emt 0:00:02]} 19. Bxc6 {[%emt 0:05:05]} bxc6 {[%emt 0:00:05]} 20. Rad1 {[%emt 0:00:16]} Rf6 {[%emt 0:02:16]} 21. Rxd8+ {[%emt 0:09:49]} Kxd8 {[%emt 0:00:02]} 22. Nc4 {[%emt 0:05:08]} Bf7 {[%emt 0:00:45]} 23. Ne5 {[%emt 0:01:28]} Bg8 {[%emt 0:01:48]} 24. c4 {[%emt 0:01:58]} Kc8 {[%emt 0:00:47]} 25. Kc3 {[%emt 0:00:16]} Kb7 {[%emt 0:00:16]} 26. b4 {[%emt 0:00:30]} g5 {[%emt 0:00:23]} 27. Nd7 {[%emt 0:00:57]} Rd6 {[%emt 0:00:36]} 28. Nc5+ {[%emt 0:01:04]} Kc8 {[%emt 0:00:57]} 29. Re8+ {[%emt 0:00:42]} Rd8 {[%emt 0:00:02]} 30. Re7 {[%emt 0:00:37]} Rd1 {[%emt 0:01:33]} 31. Rg7 {[%emt 0:00:56]} Rd8 {[%emt 0:00:56]} 32. Na6 {[%emt 0:00:38]} Re8 {[%emt 0:00:38]} 33. Rxc7+ {[%emt 0:00:59]} Kd8 {[%emt 0:00:01]} 34. Rxa7 {[%emt 0:00:44]} Re3+ {[%emt 0:00:29]} 35. Kd4 {[%emt 0:00:19]} Be6 {[%emt 0:00:21]} 36. Nc5 {[%emt 0:01:09]} Bf5 {[%emt 0:00:15]} 37. Rf7 {[%emt 0:00:48]} Bb1 {[%emt 0:00:47]} 38. a4 {[%emt 0:00:26]} Re2 {[%emt 0:00:23]} 39. Nb7+ {[%emt 0:00:27]} Ke8 {[%emt 0:00:52]} 40. Nd6+ {[%emt 0:00:08]} Kd8 {[%emt 0:00:09]} 41. Kc5 {[%emt 0:00:15]} Rxg2 {[%emt 0:01:06]} 42. Kxc6 {[%emt 0:00:21]} 1-0

[Event "V Copa Marcel Duchamp 2022"]
[Site "Montevideo"]
[Date "2022.02.13"]
[Round "3.25"]
[White "Torales, Agustin"]
[Black "Mateus, Martha"]
[Result "1-0"]
[WhiteElo "1682"]
[BlackElo "2019"]
[Annotator "NA"]
[PlyCount "119"]
[EventDate "2022.02.12"]
[EventCountry "URU"]
[SourceTitle "playchess.com"]
[Source "ChessBase"]
[SourceQuality "1"]
[TimeControl "5400+30"]

1. e4 {[%emt 0:00:03]} c5 {[%emt 0:03:03]} 2. Nf3 {[%emt 0:00:11]} d6 {[%emt 0:00:10]} 3. d4 {[%emt 0:00:13]} cxd4 {[%emt 0:00:06]} 4. Nxd4 {[%emt 0:00:06]} Nf6 {[%emt 0:00:03]} 5. Nc3 {[%emt 0:00:09]} a6 {[%emt 0:00:02]} 6. Bc4 {[%emt 0:00:45]} e6 {[%emt 0:00:21]} 7. Bb3 {[%emt 0:00:06]} Nbd7 {[%emt 0:00:19]} 8. O-O {[%emt 0:01:25]} Nc5 {[%emt 0:00:07]} 9. Qe2 {[%emt 0:03:20]} Be7 {[%emt 0:02:05]} 10. f4 {[%emt 0:02:26]} O-O {[%emt 0:02:58]} 11. f5 {[%emt 0:02:28]} Nxb3 {[%emt 0:03:56]} 12. axb3 {[%emt 0:00:19]} e5 {[%emt 0:04:45]} 13. Nf3 {[%emt 0:00:13]} Bd7 {[%emt 0:03:15]} 14. Bg5 {[%emt 0:02:11]} Qb6+ {[%emt 0:14:53]} 15. Kh1 {[%emt 0:00:22]} Bb5 {[%emt 0:00:40]} 16. Nxb5 {[%emt 0:01:04]} Qxb5 {[%emt 0:04:23]} 17. Qxb5 {[%emt 0:00:07]} axb5 {[%emt 0:00:03]} 18. Bxf6 {[%emt 0:00:06]} gxf6 $16 {[%emt 0:00:47]} ({Black should play} 18... Bxf6 $14 19. c3 h5) 19. c4 {[%emt 0:09:24]} Rfc8 {[%emt 0:07:08]} 20. Rxa8 {[%emt 0:03:04]} Rxa8 {[%emt 0:00:02]} 21. g3 {[%emt 0:00:08]} Bf8 {[%emt 0:05:00]} 22. Kg2 {[%emt 0:03:44]} Bh6 {[%emt 0:03:21]} 23. Rf2 {[%emt 0:03:59]} Ra1 {[%emt 0:07:10]} 24. Rc2 {[%emt 0:09:57]} Be3 {[%emt 0:07:49]} 25. Re2 {[%emt 0:08:24]} Bc5 {[%emt 0:01:25]} 26. Re1 {[%emt 0:02:40]} Ra2 {[%emt 0:00:45]} 27. Re2 {[%emt 0:02:01]} bxc4 {[%emt 0:03:19]} 28. bxc4 {[%emt 0:00:08]} Ba3 {[%emt 0:01:05]} 29. Ne1 {[%emt 0:00:04]} Rxb2 {[%emt 0:00:36]} 30. Rxb2 {[%emt 0:00:05]} Bxb2 {[%emt 0:00:12]} 31. Nc2 {[%emt 0:00:29]} Bc3 {[%emt 0:15:04]} 32. Ne3 {[%emt 0:00:09]} Ba5 {[%emt 0:00:05]} 33. Nd5 {[%emt 0:00:36]} Bd8 {[%emt 0:00:06]} 34. g4 {[%emt 0:00:19]} Kf8 {[%emt 0:01:18]} 35. Kg3 {[%emt 0:04:29]} Ke8 {[%emt 0:02:07]} 36. Kh4 {[%emt 0:00:48]} Kd7 {[%emt 0:05:33]} 37. Kh5 {[%emt 0:00:09]} Kc6 {[%emt 0:00:03]} 38. Kh6 {[%emt 0:00:04]} Kc5 {[%emt 0:00:03]} 39. Kxh7 {[%emt 0:00:11]} Kxc4 {[%emt 0:00:34]} 40. h4 {[%emt 0:00:14]} b5 {[%emt 0:02:48]} 41. h5 {[%emt 0:00:06]} Ba5 {[%emt 0:00:28]} 42. Kg7 {[%emt 0:02:57]} Bd2 {[%emt 0:00:40]} 43. Kxf6 {[%emt 0:00:14]} Kd4 {[%emt 0:02:42]} 44. g5 {[%emt 0:00:21]} Kxe4 {[%emt 0:00:22]} 45. g6 {[%emt 0:00:12]} fxg6 {[%emt 0:00:14]} 46. fxg6 {[%emt 0:00:21]} Bh6 {[%emt 0:00:37]} 47. g7 {[%emt 0:00:39]} Bxg7+ {[%emt 0:00:40]} 48. Kxg7 {[%emt 0:00:04]} Kxd5 {[%emt 0:00:27]} 49. h6 {[%emt 0:00:06]} b4 {[%emt 0:00:39]} 50. h7 {[%emt 0:00:05]} Kd4 {[%emt 0:00:37]} 51. h8=Q {[%emt 0:00:10]} b3 {[%emt 0:00:11]} 52. Qh3 {[%emt 0:00:37]} Kc4 {[%emt 0:00:40]} 53. Kf6 {[%emt 0:00:16]} b2 {[%emt 0:00:13]} 54. Qf1+ {[%emt 0:00:17]} Kc3 {[%emt 0:00:48]} 55. Qb1 {[%emt 0:00:05]} e4 {[%emt 0:00:22]} 56. Qxe4 {[%emt 0:00:08]} d5 {[%emt 0:00:01]} 57. Qb1 {[%emt 0:00:08]} d4 {[%emt 0:00:09]} 58. Ke5 {[%emt 0:00:09]} d3 {[%emt 0:00:46]} 59. Ke4 {[%emt 0:00:05]} d2 {[%emt 0:00:34]} 60. Ke3 {[%emt 0:00:04]} 1-0